Five Famous People by First Name #3 - Statistics

General Stats
  • This quiz has been taken 324 times
  • The average score is 17 of 30
Answer Stats
Clue Person % Correct
"Discovered" evolution Charles Darwin
95%
First U.S. President George Washington
95%
He's on the $100 bill Benjamin Franklin
92%
1984 author George Orwell
89%
Created the Star Wars George Lucas
86%
3-times Emma Stone co-star Ryan Gosling
84%
Portrayed Cleopatra Elizabeth Taylor
82%
Deadpool actor Ryan Reynolds
82%
He aged backwards Benjamin Button
80%
Free France's leader in WWII Charles de Gaulle
79%
Beetlejuice director Tim Burton
76%
First person to fly solo from New York to Paris Charles Lindbergh
65%
Longest-tenured P.M.in the Israeli history Benjamin Netanyahu
61%
Buzz Lightyear's voice actor Tim Allen
60%
Hugh Grant's ex Elizabeth Hurley
52%
Jewish P.M. of the U.K. Benjamin Disraeli
51%
Pyramid schemes namesake Charles Ponzi
48%
American Idol host Ryan Seacrest
48%
Canadian fast food namesake Tim Horton
48%
U.S. President, 1889-1893 Benjamin Harrison
43%
Mr. Darcy's love interest Elizabeth Bennet
43%
She was Scarlet Witch Elizabeth Olsen
41%
"Live Like You Were Dying"country singer Tim McGraw
39%
Monacan F1 driver for Ferrari Charles Leclerc
36%
Religious quarterback Tim Tebow
35%
Player with the mostPremier League appearances Ryan Giggs
31%
Explored the Puget Sound and the Strait of Georgia George Vancouver
19%
Theranos founder who wasconvicted of fraud Elizabeth Holmes
12%
Once the top YouTuber Ryan Higa
10%
Broke the Bank of England George Soros
8%
No matching quizzes found
Score Distribution
Percent of People with Each Score
Percentile by Number Answered
Your Score History
You have not taken this quiz